Capitale mancata : romanzo /
Na minha lista:
| Autor principal: | |
|---|---|
| Formato: | Livro |
| Idioma: | Língua italiana |
| Publicado em: |
Milano :
Longanesi,
1969
|
| Colecção: | I libri pocket ;
201 |
| Tags: |
Sem tags, seja o primeiro a adicionar uma tag!
|
MARC
| LEADER | 00000nam a22000007i 4500 | ||
|---|---|---|---|
| 001 | IT\ICCU\SBL\0367747 | ||
| 003 | ItRI | ||
| 005 | 20260115232355.0 | ||
| 008 | 910930s1969 it |||||| ||||| |||||c | ||
| 015 | |2 IT |a 6910031 | ||
| 040 | |b ita |c importazione bologna sebina | ||
| 041 | 7 | |a ita |2 ISO-639-2 | |
| 082 | |a 853.91 |9 NARRATIVA ITALIANA. SEC. 20. |2 16 | ||
| 082 | |a 853.91 |9 NARRATIVA ITALIANA. SEC. 20. |2 17 | ||
| 100 | 1 | |a Quintavalle, Uberto Paolo |0 IT\ICCU\RAVV\030492 |4 aut | |
| 245 | 1 | 0 | |a Capitale mancata : |b romanzo / |c Uberto Paolo Quintavalle. |
| 260 | |a Milano : |b Longanesi, |c 1969 | ||
| 300 | |a XV, 246 p. ; |c 18 cm. | ||
| 790 | 1 | |a Quintavalle, Uberto |3 IT\ICCU\CFIV\120528 |z Quintavalle, Uberto Paolo | |
| 790 | 1 | |a Quintavalle, Umberto P. |3 IT\ICCU\SBNV\006106 |z Quintavalle, Uberto Paolo | |
| 830 | 2 | |a I libri pocket ; |v 201 |0 IT\ICCU\RAV\0001894 | |
| 942 | |2 ddc |c BK |n 0 | ||
| 952 | |0 0 |1 0 |4 0 |6 DOC_853_914000000000000_QUI |7 0 |9 25006 |a BO |b BO |d 2026-01-15 |i 889 |l 0 |o DOC 853.914 QUI |p BO889 |r 2026-01-15 23:23:55 |w 2026-01-15 |x [Sebina 5] [1 v.] |y BK |z 1 v. | ||
| 999 | |c 21247 |d 21247 | ||